[Event "Reinstorf op"]
[Site "Reinstorf"]
[Date "2022.02.06"]
[Round "9"]
[White "Rick, Niklas Corvin"]
[Black "Bonatis, Reiner"]
[Result "1/2-1/2"]
[WhiteElo "1490"]
[BlackElo "1713"]
[PlyCount "37"]
[EventDate "2022.01.29"]
[EventType "swiss"]
[EventRounds "9"]
[EventCountry "GER"]
[SourceTitle "CBM 206 Extra"]
[Source "ChessBase"]
[SourceDate "2022.03.31"]
[SourceVersion "1"]
[SourceVersionDate "2022.03.31"]
[SourceQuality "1"]

1. d4 d5 2. c4 c6 3. cxd5 cxd5 4. Nc3 Nf6 5. Bf4 a6 6. e3 e6 7. Bd3 Bd6 8. Bxd6 Qxd6 9. f4 b5 10. Rc1 Bb7 11. Nf3 Nbd7 12. Ne5 Ne4 13. Qe2 0-0 14. g4 f5 15. g5 Nxe5 16. dxe5 Qb4 17. Bxe4 fxe4 18. a3 Qa5 19. 0-0 1/2-1/2

[Event "Reinstorf op"]
[Site "Reinstorf"]
[Date "2022.02.03"]
[Round "6"]
[White "Bonatis, Reiner"]
[Black "Ebeling, Hans Juergen"]
[Result "1/2-1/2"]
[WhiteElo "1713"]
[BlackElo "1538"]
[PlyCount "68"]
[EventDate "2022.01.29"]
[EventType "swiss"]
[EventRounds "9"]
[EventCountry "GER"]
[SourceTitle "CBM 206 Extra"]
[Source "ChessBase"]
[SourceDate "2022.03.31"]
[SourceVersion "1"]
[SourceVersionDate "2022.03.31"]
[SourceQuality "1"]

1. Nf3 Nf6 2. g3 b6 3. Bg2 Bb7 4. 0-0 c5 5. c4 d6 6. Nc3 g6 7. d3 Bg7 8. e4 Nbd7 9. Re1 0-0 10. Nh4 a6 11. f4 e5 12. f5 Bc6 13. a4 Qb8 14. Bd2 Ne8 15. Rf1 Nc7 16. Qg4 Nf6 17. Qd1 b5 18. b3 bxc4 19. bxc4 Qb7 20. Rb1 Qa7 21. Qc2 Rab8 22. Rxb8 Qxb8 23. Rb1 Qa7 24. Qb3 Nd7 25. a5 Rb8 26. Qd1 Rxb1 27. Qxb1 Qb7 28. Qd1 Qb2 29. Bh3 Nf6 30. fxg6 fxg6 31. Qc1 Qxc1+ 32. Bxc1 Bd7 33. Bxd7 Nxd7 34. Bg5 Bf6 1/2-1/2

[Event "Ruhrgebiet Verbandsliga Gruppe 1 1718"]
[Site "Germany"]
[Date "2018.04.29"]
[Round "9.8"]
[White "Bonatis, Reiner"]
[Black "Al Ali, Mohammad"]
[Result "0-1"]
[WhiteElo "1686"]
[BlackElo "1768"]
[PlyCount "94"]
[EventDate "2017.09.17"]
[EventType "team-tourn"]
[EventRounds "9"]
[EventCountry "GER"]
[SourceTitle "EXT 2022"]
[Source "ChessBase"]
[SourceDate "2021.10.06"]
[SourceVersion "1"]
[SourceVersionDate "2021.10.06"]
[SourceQuality "1"]
[WhiteTeam "Bottrop SV"]
[BlackTeam "Annen Sport Union"]
[WhiteTeamCountry "GER"]
[BlackTeamCountry "GER"]

1. e4 e5 2. Nf3 d6 3. Bc4 Nf6 4. Nc3 Bg4 5. h3 Bh5 6. g4 Bg6 7. d3 Nbd7 8. Bg5 Be7 9. Qd2 c6 10. Be3 h6 11. 0-0-0 a5 12. a4 Qc7 13. Rdg1 0-0-0 14. h4 h5 15. gxh5 Bxh5 16. Ng5 Rdf8 17. f3 Nb6 18. Bb3 Nh7 19. Qf2 Nd7 20. Rh2 Nxg5 21. hxg5 Qd8 22. Rgh1 Bg6 23. Qg1 Rxh2 24. Rxh2 Rh8 25. Rxh8 Qxh8 26. d4 Qh3 27. f4 exf4 28. Bxf4 Qf3 29. Qe3 Qf1+ 30. Kd2 c5 31. Nd5 Bd8 32. Bxd6 Qg2+ 33. Kd3 Bxg5 34. Bf4 Qf1+ 35. Kc3 cxd4+ 36. Kxd4 Qd1+ 37. Kc3 Bxf4 38. Qxf4 Qe1+ 39. Kd4 Qg1+ 40. Kc4 Qc5+ 41. Kd3 f6 42. Qe3 Kd8 43. Nc3 Qd6+ 44. Bd5 Nc5+ 45. Kc4 Qa6+ 46. Kd4 Qb6 47. Qh3 Nxe4+ 0-1

[Event "Ruhrgebiet Verbandsklasse Gruppe 1 1516"]
[Site "Germany"]
[Date "2015.09.27"]
[Round "2.8"]
[White "Bonatis, Reiner"]
[Black "Mayeres, Hans Christian"]
[Result "1-0"]
[WhiteElo "1711"]
[BlackElo "1644"]
[PlyCount "35"]
[EventDate "2015.09.06"]
[EventType "team-tourn"]
[EventRounds "9"]
[EventCountry "GER"]
[SourceTitle "EXT 2022"]
[Source "ChessBase"]
[SourceDate "2021.10.06"]
[SourceVersion "1"]
[SourceVersionDate "2021.10.06"]
[SourceQuality "1"]
[WhiteTeam "Bottrop SV II"]
[BlackTeam "Recklinghausen Altstadt"]
[WhiteTeamCountry "GER"]
[BlackTeamCountry "GER"]

1. d4 Nf6 2. c4 g6 3. Nc3 Bg7 4. e4 d6 5. f4 0-0 6. Nf3 c5 7. d5 Nbd7 8. Bd3 e6 9. 0-0 exd5 10. cxd5 a6 11. a4 Qc7 12. Re1 Ne8 13. Qe2 b6 14. e5 dxe5 15. fxe5 Nxe5 16. Nxe5 Nd6 17. Nc4 Bb7 18. Bf4 1-0